| 000 | 01348nam0a2200313 4500 | ||
|---|---|---|---|
| 001 | RU\NLR\bibl\504055 | ||
| 005 | 20260409070215.0 | ||
| 010 |
_a5-7905-2152-5 _97000 |
||
| 021 |
_aRU _b2004-7338 _9374 |
||
| 035 | _a(NLR Aleph) 000496628 | ||
| 090 |
_a1147360 _c1147360 |
||
| 100 | _a20040324d2004 u y0rusy50 ca | ||
| 101 | 1 |
_arus _ceng |
|
| 102 | _aRU | ||
| 105 | _ay ||||||||| | ||
| 200 | 1 |
_aДети и ангелы _eРассказы о помощи ангелов в экстремал. случаях _fГленнис Эккерсли _g[Пер. с англ.: К.А. Криштофа] |
|
| 210 |
_aМ. _cРИПОЛ КЛАССИК _d2004 |
||
| 215 |
_a156, [1] с. _d21 |
||
| 225 | 1 | _aСерия "Ваша тайна" | |
| 300 | _aЗагл. и авт. ориг.: Children and angels: True stories of angelic help in times of trouble / Glennyce S. Eckersley | ||
| 454 | 0 |
_12001#$aChildren and angels$eTrue stories of angelic help in times of trouble$fGlennyce S. Eckersley _1700#1$aEckersley$bG. S.$gGlennyce S$4070 _tChildren and angels _aEckersley, Glennyce S |
|
| 606 |
_aАнгелы (религ.) _91215488 _3RU\NLR\auth\66175597 |
||
| 686 | _aЭ242.12 | ||
| 700 | 1 |
_aЭккерсли _bГ. _gГленнис _4070 |
|
| 801 | 0 |
_aRU _bNLR _c20040324 _gPSBO |
|
| 801 | 1 |
_aRU _bNLR _c20040324 |
|
| 942 | _cBOOK | ||
| 980 | _aNB | ||